Cargando...

പ്രേമവും ത്യാഗവും /

Detalles Bibliográficos
Autor Principal: ഭാസി, തോപ്പിൽ., 1924-1992
Formato: Printed Book
Idioma:Malayalam
Publicado: പ്രഭാതം, 1977.
Subjects:
LEADER 00675nam a2200169Ia 4500
008 111205s1977 ii 000 j mal d
041 |a mal 
082 |a 855.3B1 
100 0 |a  ഭാസി, തോപ്പിൽ.,  |9 98387  |d 1924-1992 
245 |a പ്രേമവും ത്യാഗവും /  |c തോപ്പിൽ ഭാസി 
246 |a Premavum Thyagavum 
260 |b  പ്രഭാതം,  |c 1977. 
300 |a 86pages. 
650 7 |2 fast  |9 1178016  |a Short stories, Malayalam 
942 |c BK 
999 |c 219500  |d 219500 
952 |0 0  |1 0  |2 ddc  |4 0  |6 855_000000000000000_3B1_PRE  |7 0  |9 242482  |a MAL  |b MAL  |c ST1  |d 2011-12-05  |g 3.00  |l 0  |o 855.3B1 PRE  |p MAL15063  |r 2011-12-05  |v 3.00  |w 2011-12-05  |y BK